• 首页
  • 本馆介绍
  • 公告通知
  • 最新文献
  • 馆藏检索
  • 电子资源
  • 读者导购
  • 参考咨询
  • 我的图书馆
  • 登录
  • 详细信息显示
  • 放入我的书架
  • 预约/预借图书
  • 作者相关作品
  • 分类相关作品
  • 丛书相关作品
  • 出版社相关作品

书目信息

  • 表格格式
  • 工作单格式
  • 卡片格式
题名:
无机化工生产技术
    
 
作者: 郑广俭 , 张志华 主编
分册:  
出版信息: 北京   化学工业出版社  2017.2
页数: 296页
开本: 26cm
丛书名:
单 册:
中图分类: TQ110.6
科图分类:
主题词: 无机化工--生产工艺--高等职业教育--教材 , 无机化工
电子资源:
ISBN: 978-7-122-08929-8
000 00986nam0 2200277 450
001 0400002822
005 20171026101440.45
010    @a978-7-122-08929-8@dCNY33.00
100    @a20171021d2017 em y0chiy ea
101 0  @achi
102    @aCN@b110000
105    @ay z 000yy
106    @ar
200 1  @a无机化工生产技术@9wu ji hua gong sheng chan ji shu@f郑广俭,张志华主编
205    @a第2版
210    @a北京@c化学工业出版社@d2017.2
215    @a296页@d26cm
300    @a教育部高职高专规划教材
330    @a本书在重点介绍产品的生产原理、操作条件的选择、工艺流程和典型设备的同时,对化工生产操作分析给予了特别加强。也介绍了有关产品生产的新工艺、新技术、新设备、发展动态以及能量回收、三废处理等。
606 0  @a无机化工@x生产工艺@x高等职业教育@j教材
606 0  @a无机化工
690    @aTQ110.6@v4
701  0 @a郑广俭@9zheng guang jian@4主编
701  0 @a张志华@9zhang zhi hua@c(化工生产)@4主编
801  0 @aCN@b91MARC@c20171021
905    @b1035101-5@dTQ110.6@f5@e38=2
    
    无机化工生产技术/郑广俭,张志华主编.-第2版.-北京:化学工业出版社,2017.2
    296页;26cm
    教育部高职高专规划教材
    
    ISBN 978-7-122-08929-8:CNY33.00
    本书在重点介绍产品的生产原理、操作条件的选择、工艺流程和典型设备的同时,对化工生产操作分析给予了特别加强。也介绍了有关产品生产的新工艺、新技术、新设备、发展动态以及能量回收、三废处理等。
●
相关链接 在E读中查询图书 在五车中查询图书 在当当中查询图书 在豆瓣中查询图书


正题名:无机化工生产技术     索取号:TQ110.6/38=2         预约/预借

序号 登录号 条形码 馆藏地/架位号 状态 备注
1 1035101   210351019   第二样本阅览室/ [索取号:TQ110.6/38=2] 在馆    
2 1035102   210351028   第三借阅区/ [索取号:TQ110.6/38=2] 在馆    
3 1035103   210351037   第三借阅区/ [索取号:TQ110.6/38=2] 在馆    
4 1035104   210351046   第三借阅区/ [索取号:TQ110.6/38=2] 在馆    
5 1035105   210351055   密集书库-化学系/ [索取号:TQ110.6/38=2] 在馆    
唐山师范学院图书馆 欢迎您!
大连网信软件有限公司© 版权所有